Music Quiz

Random Music or Singers Quiz
Score 0/20 Timer 01:30
1 Play Today
Song S or J % Correct
Baby???
90.2%
Sorry???
89.1%
What Do You Mean????
87.8%
Come & Get It???
86.9%
Hands to Myself???
86.7%
The Heart Wants What it Wants???
86.5%
Boyfriend???
85.8%
Same Old Love???
85.7%
Love You like a Love Song???
85.4%
Love Yourself???
85.2%
Song S or J % Correct
Naturally???
83.1%
Beauty and a Beat???
81.8%
Good for You???
81.7%
As Long as You Love Me???
81.7%
Tell Me Something I Don't Know???
81.2%
Round & Round???
79%
U Smile???
77.5%
One Time???
77.4%
Slow Down???
76.7%
Somebody to Love???
74.5%

You're not logged in!

Compare scores with friends on all Sporcle quizzes.
OR
Log In

Sporcle TV

Today on Sporcle TV


Watch our educational content, quiz creation guides, and fun videos on Sporcle TV.

Show Comments

Extras

Top Quizzes Today


Score Distribution

Your Account Isn't Verified!

In order to create a playlist on Sporcle, you need to verify the email address you used during registration. Go to your Sporcle Settings to finish the process.

Report this User

Report this user for behavior that violates our Community Guidelines.

Details: